| 000 | 00695nam a2200217Ia 4500 | ||
|---|---|---|---|
| 003 | LK-CoDNM | ||
| 008 | 010623t1970 xxu||||| |||| 00| 1 sin d | ||
| 040 |
_aLK-CoDNM _dLK-CoDNM _eLK-CoDNM |
||
| 041 | _asin | ||
| 080 | _a8 C (075) LOK | ||
| 100 |
_aDe Alvis, Heli Nimala _eed. |
||
| 245 | _aසිංහල සාහිත්ය ප්රශ්නෝත්තර - පද සාහිත්ය | ||
| 246 | _aSinhala sahithya prashnoththara : Padya sahithyaya | ||
| 260 |
_bM.D.Gunasena _aColombo _c1970 |
||
| 300 | _b(viii)185, 21 cm | ||
| 500 | _aNo.3 | ||
| 650 | _aLiterature | ||
| 700 |
_aLokuliyana, Lainal _eed. |
||
| 700 |
_aSamaranayake, D.P.R. _eed. |
||
| 942 | _cBK | ||
| 999 |
_c108350 _d108350 |
||